000 00484nam a2200169Ia 4500
008 151213s9999 xx 000 0 und d
020 _a984-508-196-7
082 _a338.9
_b338.9
100 _aBangladesh Bureou of Statistics
245 _aHousehold Expenditure
_cBangladesh Bureou of Statistics
260 _aDhaka
_bB B S
_c1995
300 _a6406 p.
650 _aReference
650 _aStatistics Report : Reference
700 _aBangladesh Bureou of Statistics
999 _c3538
_d3538